00334 a2200097 4500001001000000005001700010008004100027245008600068100002600154773005600180ART_5325820260410161759.0260409a 10aAlgunos aspectos de la reforma al Código Fiscal de la Provincia de Buenos Aires1 aRadiminski, Carlos L.0 tDoctrina tributariag- Nº 343 (oct. 2008)wREV4296